| 000 | 00388cam a22001097a 4500 | ||
|---|---|---|---|
| 008 | 180718b1973 xxu||||| |||| 00| 0 eng d | ||
| 082 | _aR11 In2 | ||
| 100 | _aThe Expert Committee On Unemployment | ||
| 245 |
_aReport of the joint workshop on employment generation _cby The Expert Committee On Unemployment |
||
| 260 |
_aNew Delhi _bMinistry Of Labour & Rehabilitation _c1973 |
||
| 300 | _a251p. | ||
| 999 |
_c496349 _d496349 |
||